| Registos Bibliográficos associados ao registo de autoridade |
|
Etiqueta de registo: 00254nkm 2200109 450 001 1949286 003 http://id.bnportugal.gov.pt/bib/catbnp/1949286 100 ## $a20161124d1973 me y0pory01030103ba 101 0# $apor$afre$aeng$ager 102 ## $aPT 200 1# $aPortugal$bVisual gráfico]$e25 abril, Dia do Turista$d25 avril, Journée du Touriste$d25 april, Tourists'Day$d25 april, Tag des Touristen$f[ilustr.] Victor Ribeiro 210 #9 $a[S.l.]$cSecretaria de Estado da Informação e Turismo. DGT,$dimp. [1]973$ePorto :$gOf. Artistas Reunidos) 215 ## $a1 cartaz$ccolor.$d99x62 cm 317 ## $aColeção Madeira Luís$5PTBN: CT. 5995 R. 330 ## $aEm grande plano, desenho colorido figurativo, representando casais jovens turistas
com aparência feliz num jardim, com um pássaro no topo 510 1# $aPortugal$e25 avril, Journée du Touriste 510 1# $aPortugal$e25 april, Tourists'Day 510 1# $aPortugal$e25 april, Tag des Touristen 540 1# $aDia do Turista em Portugal 675 ## $a061.7(469)Dia do Turista(084.5)$vBN$zpor$31664125 675 ## $a338.48(469)"197"(084.5)$vBN$zpor$3895688 675 ## $a568.2(084.5)$vBN$zpor$31664126 675 ## $a741(=1:469)"197"(084.5)$vBN$zpor$31639481 675 ## $a766(=1:469)"197"(084.5)$vBN$zpor$31270858 702 #1 $aRibeiro,$bVictor,$f1938?-$4410$31664127 710 01 $aPortugal.$bDirecção Geral de Turismo$328928 712 02 $aArtistas Reunidos$4610$31416806 801 #0 $aPT$bBN$gRPC 966 ## $lBN$mICONOG$pFrancisco Madeira Luís$sCT. 5995 R.$x3 997 ## $aBIBEOD
Etiqueta de registo: 00000nkm 2200025 450 001 2272663 003 http://id.bnportugal.gov.pt/bib/catbnp/2272663 100 ## $a20260226f1973 m y0pory01030103ba 101 0# $apor 102 ## $aPT 200 1# $aPortugal, [ilustração representado busto de casal envolto em flores]$bVisual gráfico]$fSecretariado de Estado da Informação e Turismo$gVictor Ribeiro 210 #9 $aLisboa$cSecretariado de Estado da Informação e Turismo,$d[1973?]$ePorto :$gOf. Artistas Reunidos) 215 ## $a1 cartaz$ccolor.$d99x62 cm 304 ## $aParte do título atribuído pela catalogadora 306 ## $aDatação em conformidade com as características formais do documento 317 ## $aColeção Madeira Luís 702 #1 $aRibeiro,$bVictor,$f1938?-$4410$31664127 710 02 $aSecretariado de Estado da Informação e Turismo$31987721 801 #0 $aPT$bBN$gRPC 966 ## $lBN$mICONOG$sCT. 7565 R.$x3 971 ## $cCaticonografia8$d20260226 995 ## $aPRR2026
|
|
|